Ethics and internationalism in Japanese education, 1933-45 (Record no. 506279)

000 -LEADER
fixed length control field 00479nam a2200181Ia 4500
008 - FIXED-LENGTH DATA ELEMENTS--GENERAL INFORMATION
fixed length control field 181130s2018 xx 000 0 und d
100 ## - MAIN ENTRY--PERSONAL NAME
Personal name Abel, Jessamyn R.
245 ## - TITLE STATEMENT
Title Ethics and internationalism in Japanese education, 1933-45
260 ## - PUBLICATION, DISTRIBUTION, ETC.
Date of publication, distribution, etc. 2018
300 ## - PHYSICAL DESCRIPTION
Extent p.532-575.
504 ## - BIBLIOGRAPHY, ETC. NOTE
-- Mar
650 ## - SUBJECT ADDED ENTRY--TOPICAL TERM
Topical term or geographic name entry element Education - Ethiics - Japan
650 ## - SUBJECT ADDED ENTRY--TOPICAL TERM
Topical term or geographic name entry element Education - Japan
650 ## - SUBJECT ADDED ENTRY--TOPICAL TERM
Topical term or geographic name entry element Ethics
650 ## - SUBJECT ADDED ENTRY--TOPICAL TERM
Topical term or geographic name entry element Ethics - Japan
773 ## - HOST ITEM ENTRY
Main entry heading Modern Asian Studies
906 ## - LOCAL DATA ELEMENT F, LDF (RLIN)
a Ethics
Holdings
Withdrawn status Lost status Damaged status Not for loan Permanent Location Current Location Date acquired Serial Enumeration / chronology Barcode Date last seen Price effective from Koha item type
        Indian Institute of Public Administration Indian Institute of Public Administration 2018-12-07 52(2), Mar, 2018: p.532-575. AR118074 2018-12-07 2018-12-07 Articles

Powered by Koha